000
00248nam a2200109Ia 4500
005
20251222144730.0
008
251222s9999||||xx |||||||||||||| ||spa||
082
_a
759.81/A82
245
0
_a
Modernidad Brasil
264
_b
Artes Visuais
942
_c
LIB
999
_c
18553
_d
18553